Návrh a realizácia automatizácie lokalizačného procesu pre spoločnosť ESET s.r.o.

Gespeichert in:
Bibliographische Detailangaben
1. Verfasser: Grajciar, Jozef (Verfasst von)
Weitere Verfasser: Čierťažský, Ľubomír (Betreuung Doktorarbeit)
Format: Manuskript Buch
Sprache:Slowakisch
Veröffentlicht: 2017
Schlagworte:
Online-Zugang:http://is.stuba.sk/zp/portal_zp.pl?podrobnosti=126779
Tags: Tag hinzufügen
Keine Tags, Fügen Sie das erste Tag hinzu!

MARC

LEADER 00000ntm a22000003a 4500
001 stuzp61078
003 SK-STU
005 20170610210407.7
007 ta
008 150427s2015----xo-----f-mn---000-0-slo-d
040 |a STU  |b slo 
041 0 |a slo 
100 1 |a Grajciar, Jozef  |u 066000  |k Z4  |4 aut  |U MTF Materiálovotechnologická fakulta  |T MTF Ústav aplikovanej informatiky, automatizácie a mechatroniky  |X 65978  |U M6000  |Y 86  |7 65978 
242 0 1 |a Design and implementation of automation of localization process for company ESET s.r.o.  |y eng 
245 1 0 |a Návrh a realizácia automatizácie lokalizačného procesu pre spoločnosť ESET s.r.o. 
260 |c 2017 
650 4 |a lokalizačný proces  |2 slo 
650 4 |a XLIFF  |2 slo 
650 4 |a Python3  |2 slo 
650 4 |a BPMN  |2 slo 
650 4 |a automatizácia  |2 slo 
650 4 |a localization process  |2 eng 
650 4 |a XLIFF  |2 eng 
650 4 |a Python3  |2 eng 
650 4 |a BPMN  |2 eng 
650 4 |a automation  |2 eng 
700 1 |a Čierťažský, Ľubomír  |4 ths  |X 23244  |7 A000023244 
856 4 |u http://is.stuba.sk/zp/portal_zp.pl?podrobnosti=126779 
996 |c M* DP-13325  |l MMSKP  |s P  |a 0  |w stuzp61078_0001